00549nam a2200193 a 4500001001300000003000900013005001700022008004100039020002300080082001600103100002400119245006500143260004400208300000900252500003500261650002400296700001600320700001900336nice12345678IN_TiNIC20260116014525.0100315s2009 usaa grp 000 0 eng  a9788230005170c30000a303.69bBAR aBarbara, Jack Santa aPeace Businessb People and Nature Above Markets and Capital aUSA bTranscend University Press c2009 a222p aincludes index and biblioraphy aPeace-Social Aspect1 aFred, Dubee1 aJohan, Galtung